000 00351nam a2200157Ia 4500
003 Ost
005 20260225132557.0
008 260225s9999||||xx |||||||||||||| ||und||
040 _cfsic
041 _afre
082 _a440
100 _aDargent,Claude
_eAuteur
245 0 _aSociologie des opinions /
245 0 _cDargent,Claude
942 _cكتاب
999 _c34542
_d34542